书目信息 |
| 题名: |
好简单!我是韩语入门学习书
|
|
| 作者: | 林大君 编著 | |
| 分册: | ||
| 出版信息: | 北京 中国纺织出版社 2017 |
|
| 页数: | 301页 | |
| 开本: | 21cm | |
| 丛书名: | ||
| 单 册: | ||
| 中图分类: | H55 | |
| 科图分类: | ||
| 主题词: | 朝鲜语--自学参考资料 | |
| 电子资源: | ||
| ISBN: | 978-7-5180-3439-0 | |
| 000 | 01005nam0 2200253 450 | |
| 001 | 012001000107 | |
| 005 | 20140920091301.0 | |
| 010 | @a978-7-5180-3439-0@dCNY39.80 | |
| 100 | @a20170802d2017 em y0chiy50 ea | |
| 101 | 0 | @achi@akor |
| 102 | @aCN@b110000 | |
| 105 | @aa z 000yy | |
| 106 | @ar | |
| 200 | 1 | @a好简单!我是韩语入门学习书@9Hao Jian Dan!wo Shi Han Yu Ru Men Xue Xi Shu@f林大君编著 |
| 210 | @a北京@c中国纺织出版社@d2017 | |
| 215 | @a301页@c图@d21cm | |
| 305 | @a本书中文简体版经哈福企业有限公司授权,由中国纺织出版社独家出版 | |
| 314 | @a林大君,台大高材生,畅销书作家,著作有《3分钟立即说泰语》、《3分钟立即说越南语》等。 | |
| 330 | @a本书为韩语自学用书,从最基础的韩语语音到韩语词汇、常用句型。全书共分8个单元,每个单元按照不同的主题选取相关常用词汇和常用句型,简单实用,很适合初学者入门学习用,做为自学教材。 | |
| 606 | 0 | @a朝鲜语@j自学参考资料 |
| 690 | @aH55@v5 | |
| 701 | 0 | @a林大君@9Lin Da Jun@4编著 |
| 801 | 0 | @aCN@b上海新华@c20180901 |
| 905 | @b1040524-28@dH55@e28@f5 | |
| 好简单!我是韩语入门学习书/林大君编著.-北京:中国纺织出版社,2017 |
| 301页:图;21cm |
| ISBN 978-7-5180-3439-0:CNY39.80 |
| 本书为韩语自学用书,从最基础的韩语语音到韩语词汇、常用句型。全书共分8个单元,每个单元按照不同的主题选取相关常用词汇和常用句型,简单实用,很适合初学者入门学习用,做为自学教材。 |
| ● |
| 相关链接 |
|
|
|
|
正题名:好简单!我是韩语入门学习书
索取号:H55/28
 
预约/预借
| 序号 | 登录号 | 条形码 | 馆藏地/架位号 | 状态 | 备注 |
| 1 | 1040524 | 210405248 | 第二样本阅览室/ [索取号:H55/28] | 在馆 | |
| 2 | 1040525 | 210405257 | 第四借阅区/ [索取号:H55/28] | 在馆 | |
| 3 | 1040526 | 210405266 | 第四借阅区/ [索取号:H55/28] | 在馆 | |
| 4 | 1040527 | 210405275 | 密集书库—外国语学院/ [索取号:H55/28] | 在馆 | |
| 5 | 1040528 | 210405284 | 第四借阅区/ [索取号:H55/28] | 在馆 |